<?xml version="1.0" encoding="UTF-8"?>
<record
    xmlns:xsi="http://www.w3.org/2001/XMLSchema-instance"
    xsi:schemaLocation="http://www.loc.gov/MARC21/slim http://www.loc.gov/standards/marcxml/schema/MARC21slim.xsd"
    xmlns="http://www.loc.gov/MARC21/slim">

  <leader>01220nam2a2200253   4500</leader>
  <controlfield tag="001">RU\NLR\BIBL_A\010914609</controlfield>
  <controlfield tag="005">20250624201149.0</controlfield>
  <datafield tag="010" ind1=" " ind2=" ">
    <subfield code="a">978-5-699-76135-7</subfield>
    <subfield code="9">4000</subfield>
  </datafield>
  <datafield tag="021" ind1=" " ind2=" ">
    <subfield code="a">RU</subfield>
    <subfield code="b">2015-89235</subfield>
    <subfield code="9">5494</subfield>
  </datafield>
  <datafield tag="035" ind1=" " ind2=" ">
    <subfield code="a">(NLR Aleph) 010914609</subfield>
  </datafield>
  <datafield tag="090" ind1=" " ind2=" ">
    <subfield code="a">10647939</subfield>
    <subfield code="c">10647939</subfield>
  </datafield>
  <datafield tag="100" ind1=" " ind2=" ">
    <subfield code="a">20151201d2016    |||y0rusy50      ca</subfield>
  </datafield>
  <datafield tag="101" ind1="0" ind2=" ">
    <subfield code="a">rus</subfield>
  </datafield>
  <datafield tag="102" ind1=" " ind2=" ">
    <subfield code="a">RU</subfield>
  </datafield>
  <datafield tag="105" ind1=" " ind2=" ">
    <subfield code="a">y   z   000ay</subfield>
  </datafield>
  <datafield tag="200" ind1="1" ind2=" ">
    <subfield code="a">&#x41A;&#x440;&#x43E;&#x432;&#x44C; &#x41E;&#x43B;&#x438;&#x43C;&#x43F;&#x430;</subfield>
    <subfield code="f">[&#x43F;&#x435;&#x440;. &#x441; &#x430;&#x43D;&#x433;&#x43B;. &#x415;. &#x415;&#x444;&#x438;&#x43C;&#x43E;&#x432;&#x43E;&#x439;]</subfield>
  </datafield>
  <datafield tag="210" ind1=" " ind2=" ">
    <subfield code="d">2016</subfield>
    <subfield code="d">[&#x442;. &#x435;. 2015]</subfield>
    <subfield code="a">&#x411;. &#x43C;.</subfield>
  </datafield>
  <datafield tag="215" ind1=" " ind2=" ">
    <subfield code="a">509, [1] &#x441;.</subfield>
  </datafield>
  <datafield tag="300" ind1=" " ind2=" ">
    <subfield code="a">&#x41A;&#x43D;. &#x444;&#x430;&#x43A;&#x442;&#x438;&#x447;&#x435;&#x441;&#x43A;&#x438; &#x438;&#x437;&#x434;. &#x432; 2015 &#x433;.</subfield>
  </datafield>
  <datafield tag="461" ind1=" " ind2="0">
    <subfield code="1">001RU\NLR\BIBL_A\010952009</subfield>
    <subfield code="1">2001#$a&#x413;&#x435;&#x440;&#x43E;&#x438; &#x41E;&#x43B;&#x438;&#x43C;&#x43F;&#x430;$e[&#x440;&#x43E;&#x43C;&#x430;&#x43D;$e&#x434;&#x43B;&#x44F; &#x441;&#x442;&#x430;&#x440;&#x448;&#x435;&#x433;&#x43E; &#x448;&#x43A;&#x43E;&#x43B;&#x44C;&#x43D;&#x43E;&#x433;&#x43E; &#x432;&#x43E;&#x437;&#x440;&#x430;&#x441;&#x442;&#x430;]$f&#x420;&#x438;&#x43A; &#x420;&#x438;&#x43E;&#x440;&#x434;&#x430;&#x43D;$g[&#x43F;&#x435;&#x440;. &#x441; &#x430;&#x43D;&#x433;&#x43B;.: &#x410;.&#x412;. &#x414;&#x435;&#x43C;&#x438;&#x43D;&#x43E;&#x439;]$v&#x41A;&#x43D;. 5</subfield>
    <subfield code="1">700#1$a&#x420;&#x438;&#x43E;&#x440;&#x434;&#x430;&#x43D;$b&#x420;.$f1964-$g&#x420;&#x438;&#x43A;$3RU\NLR\AUTH\77118226</subfield>
    <subfield code="9">10781423</subfield>
    <subfield code="a">&#x420;&#x438;&#x43E;&#x440;&#x434;&#x430;&#x43D;, &#x420;. (1964-)</subfield>
    <subfield code="c">&#x41C;&#x43E;&#x441;&#x43A;&#x432;&#x430;</subfield>
    <subfield code="d">2015</subfield>
    <subfield code="f">&#x420;&#x438;&#x43A; &#x420;&#x438;&#x43E;&#x440;&#x434;&#x430;&#x43D;</subfield>
    <subfield code="n">&#x42D;&#x43A;&#x441;&#x43C;&#x43E;</subfield>
    <subfield code="o">[&#x440;&#x43E;&#x43C;&#x430;&#x43D; : &#x434;&#x43B;&#x44F; &#x441;&#x442;&#x430;&#x440;&#x448;&#x435;&#x433;&#x43E; &#x448;&#x43A;&#x43E;&#x43B;&#x44C;&#x43D;&#x43E;&#x433;&#x43E; &#x432;&#x43E;&#x437;&#x440;&#x430;&#x441;&#x442;&#x430;]</subfield>
    <subfield code="t">&#x413;&#x435;&#x440;&#x43E;&#x438; &#x41E;&#x43B;&#x438;&#x43C;&#x43F;&#x430;</subfield>
    <subfield code="v">&#x41A;&#x43D;. 5</subfield>
  </datafield>
  <datafield tag="942" ind1=" " ind2=" ">
    <subfield code="c">BOOK</subfield>
  </datafield>
  <datafield tag="980" ind1=" " ind2=" ">
    <subfield code="a">NB</subfield>
  </datafield>
  <datafield tag="995" ind1=" " ind2=" ">
    <subfield code="5">2015-12-01</subfield>
    <subfield code="a">ad</subfield>
    <subfield code="b">NLR01</subfield>
    <subfield code="c">NLR01</subfield>
    <subfield code="e">RF9</subfield>
    <subfield code="f">1-1226756</subfield>
    <subfield code="k">2015-3/34383</subfield>
    <subfield code="o">0</subfield>
    <subfield code="p">0.00</subfield>
    <subfield code="r">BOOK</subfield>
    <subfield code="s">2015334383_</subfield>
    <subfield code="u">Y</subfield>
  </datafield>
  <datafield tag="995" ind1=" " ind2=" ">
    <subfield code="5">2015-12-01</subfield>
    <subfield code="a">ad</subfield>
    <subfield code="b">NLR01</subfield>
    <subfield code="c">NLR01</subfield>
    <subfield code="e">OBM</subfield>
    <subfield code="f">1-1226757</subfield>
    <subfield code="o">0</subfield>
    <subfield code="p">110.00</subfield>
    <subfield code="r">BOOK</subfield>
    <subfield code="u">Y</subfield>
  </datafield>
</record>
